000 01187 a2200289 4500
001 47298
020 _a9788579623868
041 _apor
082 _a999999
100 _aWillems, Mo.
300 _a61 p.
490 _aWillems, Mo. Elephant & Piggie book
520 _aO Elefante e a Porquinha são melhores amigos. Um dia, percebem que não estão sozinhos - tem alguém olhando para eles! Quem será? Um monstro? Não... é você, leitor! Em Estamos em um livro!, o elefante Geraldo e a Porquinha descobrem a alegria de serem lidos. Mas o que vai acontecer quando o livro acabar? Uma história interativa, em que os adoráveis personagens de Mo Willems conversam diretamente com o leitor e aprontam muitas maluquices
521 _aIK
697 _aElephants - Fiction.
697 _aBooks and reading - Fiction.
697 _aHumorous fiction.
697 _aPigs - Fiction.
697 _aReaders (Elementary)
830 _aWillems, Mo. Elephant & Piggie book
856 _u00001f/00001ff6.jpg
040 _aBR-BrIDEA
_cBR-BrIDEA
090 _aA SK [E]
_bWIL
245 1 0 _aEstamos em um livro!
_c Mo Willems
260 _aSão Paulo
_bObjetiva
_c2015
942 _cBK
999 _c47298
_d47298